Poesía : (Registro nro. 11202)

Detalles MARC
000 -LIDER
fixed length control field 00782nam a2200277 b 4500
001 - NÚMERO DE CONTROL
Identificador de número de control 0000618
003 - IDENTIFICACDOR DE NÚMERO DE CONTROL
control field DO-SdBPM
005 - DATE AND TIME OF LATEST TRANSACTION
control field 20250218104701.0
007 - CAMPOS FIJOS DE DESCRIPCIÓN FÍSICA
fixed length control field 0000618
008 - ELEMENTOS DE LONGITUD FIJA
fixed length control field 050617 1976 sp spa
017 ## - NÚMERO DE REGISTRO DE DERECHOS DE AUTOR
Copyright or legal deposit number
Assigning agency
020 ## - ISBN
International Standard Book Number 8472322637
035 ## - NÚMERO LOCAL
System control number
040 ## - FUENTE DE CATALOGACIÓN
Agencia que crea de manera original el registro DO-SdBPM
Idioma de catalogación spa
Agencia que realiza la transcripción BPMSU
Convenciones de la despripción
082 #4 - NÚMERO DE CLASIFICACIÓN DECIMAL DE DEWEY
Classification number H863.44
Item number A185p 1996
Edition number 22
100 1# - ASIENTO PRINCIPAL -- NOMBRE PERSONAL
Nombre personal Acosta, Óscar,
Fechas asociadas con el nombre 1933-
245 10 - MENCIÓN DE TITULO
Título Poesía :
Subtítulo selección 1952-1971 /
Mención de responsabilidad Oscar Acosta
Medio (Designación general de material)
260 ## - PUBLICACIÓN, DISTRIBUCIÓN, ETC. (PIE DE IMPRENTA)
Lugar de publicación, distribución, etc Madrid :
Nombre del editor, distribuidor, etc. Ediciones Cultura Hispánica,
Fecha de publicación, distribución, etc 1976.
300 ## - DESCRIPCIÓN FÍSICA
Extensión 189 p. ;
Dimensiones 21 cm
490 0# - MENCIÓN DE SERIES
Mención de serie La encima y el mar,
Volume/sequential designation 54
590 ## - NOTA LOCAL
Texto de la nota local Inventariado, 2025/VM
650 #4 - ENCABEZAMIENTO DE MATERIA--TEMÁTICO
Término temático o nombre geográfico como elemento de entrada Poesía hondureña
Subdivisión de forma Colecciones
710 2# - ASIENTO SECUNDARIO -- NOMBRE CORPORATIVO
Nombre corporativo o de jurisdicción Ediciones Cultura Hispánica
910 ## - VALIDACIÓN
Validación VMateo V. Control de calidad. BPMSU
942 ## - ADDED ENTRY ELEMENTS (KOHA)
Source of classification or shelving scheme Dewey Decimal Classification
Koha item type Libros
Existencias
Withdrawn status Lost status Source of classification or shelving scheme Damaged status Not for loan Collection code Home library Current library Date acquired Source of acquisition Total Checkouts Full call number Barcode Date last seen Price effective from Koha item type
    Dewey Decimal Classification     Colección General Biblioteca Pública Metropolitana Salomé Ureña Biblioteca Pública Metropolitana Salomé Ureña 08/29/2016   BPMSU CG H863.44 A185p 1996 BPMSU16080246 08/29/2016 08/29/2016 Libros